000 00348nam a2200133Ia 4500
005 20260326100048.0
008 260326s9999||||xx |||||||||||||| ||und||
100 _aWinckelmann, Johann Joachim
245 0 _aLo Bello en el Arte /
_cJohann Joachim Winckelmann
260 _bEdiciones Nueva Visión
300 _a126 p.
650 _aARTE
942 _cBK
999 _c7273
_d7273